|
|
|
|
| LEADER |
00000njm a2200000 a 4500 |
| 001 |
vtls001522947 |
| 003 |
SK-MaSNL |
| 005 |
20260302073931.0 |
| 007 |
sd fsngnnmmned |
| 008 |
050408s2004 xo zzn gs b slo |
| 015 |
|
|
|a SNBJ2005
|
| 028 |
0 |
1 |
|a 0295-2731
|b RB
|
| 040 |
|
|
|a SNK
|b slo
|c SNK
|e AACR2
|
| 041 |
0 |
|
|a slo
|a ukr
|
| 044 |
|
|
|a xo
|c SK
|
| 072 |
|
7 |
|a 784
|x Vokálna hudba
|2 konspekt
|
| 080 |
|
|
|a 784.4
|2 2001
|
| 080 |
|
|
|a (086.76)
|2 2001
|
| 245 |
0 |
0 |
|a A čija to chyža-
|h zvukový záznam
|b rusínske piesne z archívu Slovenského rozhlasu
|
| 260 |
|
|
|a Bratislava
|b Pyramída
|c 2004
|
| 300 |
|
|
|a 1 zvuková platňa (57 min. 56 sek.)
|b digital, stereo
|c 12 cm
|
| 500 |
|
|
|a CD vydané pri príležitosti 70. výročia začiatku národnostno-etnického vysielania
|
| 505 |
0 |
|
|a Obsahuje 21 piesní
|
| 508 |
|
|
|a Výber piesní, dramaturgia : Ondrej Kandráč
|
| 511 |
0 |
|
|a Účinkuje Ľudová hudba Ondreja Kandráča ; Barvinok z Kamienka ; PUĽS ; Verchovina ; Poľana a ďalší
|
| 650 |
0 |
7 |
|a rusínske ľudové piesne
|2 SNKPH
|9 279157
|
| 650 |
0 |
7 |
|a ľudové piesne
|2 SNKPH
|9 1941
|
| 655 |
|
7 |
|a kompaktné platne
|2 SNKPH
|9 70690
|
| 700 |
1 |
|
|a Kandráč, Ondrej,
|d 1978-
|4 cnd
|4 com
|9 170298
|
| 710 |
2 |
|
|a Ľudová hudba Ondreja Kandráča
|4 prf
|9 165390
|
| 710 |
2 |
|
|a Barvinok (folklórny súbor)
|4 prf
|9 163666
|
| 710 |
2 |
|
|a Verchovina (folklórny súbor : Medzilaborce)
|4 prf
|9 738959
|
| 710 |
2 |
|
|a Poddukelský umelecký ľudový súbor
|4 prf
|9 122018
|
| 999 |
|
|
|c 1162933
|d 1164863
|
| 952 |
|
|
|a SNK
|b SNK
|y PREZ
|7 0
|p 17A0465229
|o snkSCD 1673
|i snk2005/5634
|8 0
|0 0
|1 0
|4 0
|d 2005-04-08
|l 0
|r 2026-02-24 20:39:12
|w 2026-02-24
|